000
00330nam a22001457a 4500
008
210226b ||||| |||| 00| 0 eng d
020
_a
9781285096193
041
_a
eng
080
_a
004
082
_a
004
100
_a
34
101
_a
SHKI
245
_a
Computer Applications and Concepts
_c
Pinard, Romer
942
_2
udc
_c
BK
999
_c
55264
_d
55264